000 00980cam a2200277 i 4500
001 bg
003 KOSZ 005
005 20200518144041.0
008 000320s1980 pl a f f |000 0 pol d
015 _aPB 1980/8914
040 _aWA N
_cKOSZ 005/HR
_dKOSZ 005/HR
080 _a66.9
080 _a691.057
080 _a(075.8)
100 1 _aKról, Mieczysław
_d(1932-2009)
_eAutor
245 1 0 _aPodstawy projektowania technologicznego zakładów prefabrykacji /
_cMieczysław Król ; Politechnika Lubelska.
260 _aLublin :
_bWydaw-a Uczelniane PL,
_c1980.
300 _a194 s. :
_bil., tab., wykr. ;
_c25 cm.
490 1 _aBudownictwo.
504 _aBibliogr. s. 193-194.
650 4 _aPrefabrykaty
_xprzemysł
_xprojekty.
655 4 _aPodręczniki akademickie
856 _uhttp://koha.tu.koszalin.pl/cgi-bin/koha/opac-detail.pl?biblionumber=20049
_yKatalog online BPK
830 0 _aBudownictwo - Politechnika Lubelska
942 _2UKD
_cKS
999 _c20049
_d20049